The Apostolic Fathers / (Record no. 42517)
[ view plain ]
| 000 -LEADER | |
|---|---|
| fixed length control field | 01218cam a2200373 a 4500 |
| 001 - CONTROL NUMBER | |
| control field | 19975820 |
| 003 - CONTROL NUMBER IDENTIFIER | |
| control field | SIRSI |
| 005 - DATE AND TIME OF LATEST TRANSACTION | |
| control field | 20180608104452.0 |
| 008 - FIXED-LENGTH DATA ELEMENTS--GENERAL INFORMATION | |
| fixed length control field | 890607t19911989miub b 001 0 eng |
| 010 ## - LIBRARY OF CONGRESS CONTROL NUMBER | |
| LC control number | 89035173 |
| 020 ## - INTERNATIONAL STANDARD BOOK NUMBER | |
| International Standard Book Number | 0801056551 |
| 035 ## - SYSTEM CONTROL NUMBER | |
| System control number | (Sirsi) o19975820 |
| 035 ## - SYSTEM CONTROL NUMBER | |
| System control number | (Sirsi) 01-AAY-1558 |
| 036 ## - ORIGINAL STUDY NUMBER FOR COMPUTER DATA FILES | |
| Original study number | u240981 |
| 040 ## - CATALOGING SOURCE | |
| Original cataloging agency | DLC |
| Transcribing agency | DLC |
| 041 1# - LANGUAGE CODE | |
| Language code of text/sound track or separate title | enggrc |
| 049 ## - LOCAL HOLDINGS (OCLC) | |
| Holding library | TSWB |
| Copy statement | 1 |
| 130 0# - MAIN ENTRY--UNIFORM TITLE | |
| Uniform title | Apostolic Fathers (Early Christian collection). |
| Language of a work | English. |
| 245 14 - TITLE STATEMENT | |
| Title | The Apostolic Fathers / |
| Statement of responsibility, etc | translated by J.B. Lightfoot and J.R. Harmer ; edited and revised by Michael W. Holmes. |
| 250 ## - EDITION STATEMENT | |
| Edition statement | 2nd ed. |
| 260 ## - PUBLICATION, DISTRIBUTION, ETC. (IMPRINT) | |
| Place of publication, distribution, etc | Grand Rapids, Mich. : |
| Name of publisher, distributor, etc | Baker Book House, |
| Date of publication, distribution, etc | c1989. |
| 300 ## - PHYSICAL DESCRIPTION | |
| Extent | xvi, 347 p. : |
| Other physical details | maps ; |
| Dimensions | 23 cm. |
| 336 ## - CONTENT TYPE | |
| Content Type Term | text |
| 337 ## - MEDIA TYPE | |
| Media Type Term | unmediated |
| 338 ## - CARRIER TYPE | |
| Carrier Type Term | volume |
| 500 ## - GENERAL NOTE | |
| General note | Translation from the Greek. |
| 500 ## - GENERAL NOTE | |
| General note | Includes indexes. |
| 504 ## - BIBLIOGRAPHY, ETC. NOTE | |
| Bibliography, etc | Includes bibliographical references (p. 16-21). |
| 650 #0 - SUBJECT ADDED ENTRY--TOPICAL TERM | |
| Topical term or geographic name as entry element | Christian literature, Early |
| General subdivision | Greek authors. |
| 700 1# - ADDED ENTRY--PERSONAL NAME | |
| Personal name | Lightfoot, J. B. |
| Fuller form of name | (Joseph Barber), |
| Dates associated with a name | 1828-1889. |
| 700 1# - ADDED ENTRY--PERSONAL NAME | |
| Personal name | Harmer, J. R. |
| Fuller form of name | (John Reginald), |
| Dates associated with a name | 1857-1944. |
| 700 1# - ADDED ENTRY--PERSONAL NAME | |
| Personal name | Holmes, Michael W. |
| Fuller form of name | (Michael William), |
| Dates associated with a name | 1950- |
| 942 ## - ADDED ENTRY ELEMENTS (KOHA) | |
| Source of classification or shelving scheme | Library of Congress Classification |
| Item type | Books |
| Withdrawn status | Lost status | Source of classification or shelving scheme | Damaged status | Not for loan | Home library | Current library | Shelving location | Date acquired | Source of acquisition | Inventory number | Total Checkouts | Full call number | Barcode | Date last seen | Price effective from | Koha item type |
|---|---|---|---|---|---|---|---|---|---|---|---|---|---|---|---|---|
| Library of Congress Classification | BSOP Library | BSOP Library | GC | 06/08/2018 | Donation by Drs. George and Anne Harper | 41737 | BR60 Ap4 1989 | 00052737 | 06/08/2018 | 06/08/2018 | Books |
